Tilastot visalle Irak-visa

Klikkaa tästä pelataksesi tätä visaa!

Yleistilastot

  • Tätä visaa on pelattu 268 kertaa
  • Keskiarvotulos 12 / 21

Vastaustilastot

VihjeVastaus% Oikein
Viralliset kieletArabia
94%
PääkaupunkiBagdad
93%
Irak oli verisessä sodassa tätä valtiota vastaan vuosina 1980-88Iran
91%
Merenlahti, jonka rannalla Irak sijaitsee{Persian}lahti
81%
Irakin diktaattori vuosina 1979-2003Saddam Hussein
78%
Irakin vuonna 1990 miehittämä valtioKuwait
75%
"Kalifaatti", joka toimi Irakissa 2010-luvulla, mutta joka on pääosin päihitettyIsis
71%
Kaksi pääjokeaTigris
67%
Nämä kaksi sanaa, jotka tarkoittavat "Jumala on suurin", on kirjoitettu lippuunAllahu Akbar
65%
Kaksi pääjokeaEufrat
60%
Näiden kahden joen välissä sijaitsevan alueen muinainen nimiMesopotamia
59%
Viralliset kieletKurdi
58%
Yllä olevan kuningas. Hänen lakikokoelmansa perustuu ajatukseen "silmä silmästä"Hammurabi
53%
Muinainen pääkaupunki, jossa suuri zikkurat sijaitseeBabylon
48%
Irakin valuutan nimiDinaari
42%
Nämä ulkomaalaiset valloittajat ryöstivät pääkaupungin vuonna 1258, päättäen islamin kulta-ajanMongolit
38%
Tämä Raamatun patriarkka syntyi Urin kaupungissaAbraham
34%
Yllä olevan puolueBaath
34%
Tämän legendaarisen seitsemän meren purjehtijan sanotaan eläneen IrakissaSindbad
33%
Väkirikkain kaupunki eteläisessä IrakissaBasra
31%
Entinen Yhdysvaltain vankila, jossa pidätettyjä hyväksikäytettiinAbu Ghraib
22%

Tulosjakauma

Persentiili vastausten määrän mukaan

Jokaisen tuloksen saaneiden osuus

Tuloshistoriasi

Et ole pelannut tätä visaa